الشيعة السعوديون : (Record no. 13827)
[ view plain ]
| 000 -الفاتح | |
|---|---|
| حقل البيانات ثابتة الطول | 00983nam a22002057a 4500 |
| 008 - عناصر البيانات ثابتة الطول - معلومات عامة | |
| حقل البيانات ثابتة الطول | 100330s2009 le||||||r||| 001 0 ara d |
| 020 ## - الرقم الدولى المعيارى للكتب | |
| الرقم الدولى المعيارى للكتاب | 995321431X |
| 082 ## - رقم تصنيف ديوى العشرى | |
| رقم الطبعة | 22 |
| رقم التصنيف | 247.09538 |
| رقم المادة | ه ط ل |
| 100 ## - المدخل الرئيسى - إسم شخصى | |
| 9 (RLIN) | 13297 |
| الإسم الشخصى | الهطلاني، إبراهيم |
| 245 ## - بيان العنوان | |
| العنوان | الشيعة السعوديون : |
| بقية العنوان | قراءة تاريخية وسياسية لنماذج مطلبية / |
| بيان المسئوليه,etc | إبراهيم الهطلاني |
| 260 ## - PUBLICATION, DISTRIBUTION, ETC. (IMPRINT) | |
| مكان الناشر او الموزع | بيروت : |
| اسم الناشر او الموزع | رياض الريس، 2009 |
| تاريخ النشر أو التوزيع | 2009 |
| 300 ## - الوصف المادى | |
| التعداد | :276 ص |
| تفاصيل ماديه اخرى للوعاء | صور ؛ |
| أبعاد الوعاء | 22 سم |
| 500 ## - تبصرة عامة | |
| تبصرة عامة | يشتمل على كشافات |
| 650 ## - المدخل الاضافى بالموضوع-مصطلح موضوعى | |
| 9 (RLIN) | 13296 |
| مصطلح موضوعي أو اسم جغرافي كعنصر مدخل | الشيعة |
| التقسيم الفرعي الجغرافي | السعودية |
| 650 ## - المدخل الاضافى بالموضوع-مصطلح موضوعى | |
| 9 (RLIN) | 13295 |
| مصطلح موضوعي أو اسم جغرافي كعنصر مدخل | الحركات الفكرية عند المسلمين |
| 650 ## - المدخل الاضافى بالموضوع-مصطلح موضوعى | |
| 9 (RLIN) | 13293 |
| مصطلح موضوعي أو اسم جغرافي كعنصر مدخل | الشيعة |
| 650 ## - المدخل الاضافى بالموضوع-مصطلح موضوعى | |
| 9 (RLIN) | 13294 |
| مصطلح موضوعي أو اسم جغرافي كعنصر مدخل | الفرق الإسلامية |
| 942 ## - عناصر المدخل الإضافي( كوها) | |
| مصدر التصنيف او مخطط الترفيف | Dewey Decimal Classification |
| Koha [default] item type | Book - Borrowing |
| حالة التراجع | حالة الفقد | مصدر التصنيف او خطة الترفيف | حالة تلف | ليس للاعارة | مجموعات كوها | المكان الدائم | المكان الحالي | موقع الترفيف | تاريخ الاكتساب | Source of acquisition | سعر الشراء الطبيعي | تعداد مسلسل / التسلسل الزمني | رقم الاستدعاء | الباركود | Date last seen | نوع الوعاء |
|---|---|---|---|---|---|---|---|---|---|---|---|---|---|---|---|---|
| Dewey Decimal Classification | Central Library | Central Library | Lower Floor | 30/03/2010 | 72.00 | 991 | 247.09538 اله | 000020544 | 15/07/2025 | Book - Borrowing |